The Energy Performance of Buildings (Certificates and Inspections) (England and Wales) (Amendment) Regulations 2010 (Record no. 110691)

MARC details
000 -LEADER
fixed length control field 02471cad a22002655a 4500
001 - CONTROL NUMBER
control field L149986
008 - FIXED-LENGTH DATA ELEMENTS--GENERAL INFORMATION
fixed length control field 100521s2010 xxk f 000 0 eng d
035 ## - SYSTEM CONTROL NUMBER
System control number (Sirsi) u149986
041 0# - LANGUAGE CODE
Language code of text/sound track or separate title eng
050 04 - LIBRARY OF CONGRESS CALL NUMBER
Classification number 333.33 $2 18
110 2# - MAIN ENTRY--CORPORATE NAME
Corporate name or jurisdiction name as entry element United Kingdom
Form subheading Laws, etc
9 (RLIN) 5044
245 04 - TITLE STATEMENT
Title The Energy Performance of Buildings (Certificates and Inspections) (England and Wales) (Amendment) Regulations 2010
Medium [electronic resource]
260 ## - PUBLICATION, DISTRIBUTION, ETC.
Place of publication, distribution, etc. London
Name of publisher, distributor, etc. OPSI, 2010
490 #0 - SERIES STATEMENT
Series statement SI
Volume/sequential designation 2010: 1456
520 ## - SUMMARY, ETC.
Summary, etc. Amends the "Energy Performance of Buildings (Certificates and Ispections) (England and Wales) Regulations 2007" consequent upon "Home Information Packs (Suspension) Order 2010" suspending the content and provisions of Home Information Packs (HIPS) pending later aboliton. Inserts Regultion 5A(2) into 2007 Regulations requiring a seller of a residential property to have commissioned an energy performance certificate (epc) prior to marketing the property. Regulation 5A(3) introduces a new duty for persons such as estate agents acting on behalf of a seller of residential property not to market the property unless satisfied that an epc has been commissioned. Regulation 6 of the 2007 Regulations imposing a duty on persons providing written particulars of a building to include with those particulars either an asset rating of the building or an epc. has been amended. Instead of arising where a duty under section 155(1) or 159(2) of the Housing Act 2004 applies, the duty arises where a residential property is to be sold; and the duty only arises once a valid EPC has been obtained. Revokes the provision in Regulation 11 for an epc to be valid for a period of three years in cases where a duty under section 155(1) or 159(2) of the 2004 Act applies. Under regulation 11 as amended the period of validity of all epcs is now ten years.
590 ## - LOCAL NOTE (RLIN)
Local note KA NTK
650 24 - SUBJECT ADDED ENTRY--TOPICAL TERM
Topical term or geographic name entry element ENERGY PERFORMANCE OF BUILDINGS (CERTIFICATES AND INSPECTIONS) (ENGLAND AND WALES) (AMENDMENT) REGULATIONS 2010
650 24 - SUBJECT ADDED ENTRY--TOPICAL TERM
Topical term or geographic name entry element HOME INFORMATION PACKS (SUSPENSION) ORDER 2010
650 24 - SUBJECT ADDED ENTRY--TOPICAL TERM
Topical term or geographic name entry element ENERGY PERFORMANCE OF BUILDINGS (CERTIFICATES AND INSPECTIONS) (ENGLAND AND WALES) REGULATIONS 2007
650 24 - SUBJECT ADDED ENTRY--TOPICAL TERM
Topical term or geographic name entry element HOUSING ACT 2004
651 #4 - SUBJECT ADDED ENTRY--GEOGRAPHIC NAME
Geographic name England and Wales
Chronological subdivision 1543-
690 ## - LOCAL SUBJECT ADDED ENTRY--TOPICAL TERM (OCLC, RLIN)
Topical term or geographic name as entry element ENVIRONMENTAL AND LAND CONSULTANCY-ENERGY-ENERGY USE-ENERGY EFFICIENCY
856 48 - ELECTRONIC LOCATION AND ACCESS
Uniform Resource Identifier <a href="https://www.opsi.gov.uk/si/si2010/pdf/uksi_20101456_en.pdf">https://www.opsi.gov.uk/si/si2010/pdf/uksi_20101456_en.pdf</a>
Public note View this item free of charge at www.opsi.gov.uk
942 ## - ADDED ENTRY ELEMENTS (KOHA)
Suppress in OPAC 0
Holdings
Withdrawn status Lost status Source of classification or shelving scheme Damaged status Not for loan Home library Current library Shelving location Date acquired Total Checkouts Full call number Barcode Date last seen Copy number Price effective from Koha item type
    Dewey Decimal Classification     Virtual Virtual Online 21/05/2010   ONLINE PUBLICATION 149986-2001 06/08/2019 1 06/08/2019 Book